Kluknavčania podpisujú petíciu proti ťažbe uránu reakcie na geologický prieskum

Bibliographic Details
Main Author: Karasová, Erika, 1973- (Author)
Format: Article
Language:Slovak
ISSN:1335-7590
Subjects:

MARC

LEADER 00000nab a2200000 ar4500
001 vtls009317372
003 SK-MaSNL
005 20260303055717.0
008 170922c20071213xo mr|p|||||||000 b|slo
038 |a SNSK 
040 |b slo  |c SNSK  |e AACR2 
041 |a slo 
044 |a xo  |c SK 
080 |a 553.495  |x (437.6)  |2 2001 
080 |a 622.143  |2 2001 
080 |a 323.234  |2 2001 
100 1 |a Karasová, Erika,  |d 1973-  |4 aut  |9 89869 
245 1 0 |a Kluknavčania podpisujú petíciu proti ťažbe uránu  |b reakcie na geologický prieskum  |c Erika Karasová 
650 0 7 |a ťažba uránu  |2 snsk  |9 110087 
650 0 7 |a petície  |2 snsk  |9 13945 
651 7 |a Mníšek nad Hnilcom (Slovensko)  |2 snsk  |9 31223 
651 7 |a Gelnica (Slovensko : okres)  |2 snsk  |9 168677 
773 0 |t Spišský Korzár  |g Roč. IX., č. 286 (13.12.2007), s. 2  |x 1335-7590 
852 |a SNSK  |b KIS3GCP 
999 |c 1728540  |d 1730470